Real estate management business process and perspective

-д хадгалсан:
Номзүйн дэлгэрэнгүй
Үндсэн зохиолч: JAIN, A. K.
Формат: Ном
Хэл сонгох:англи
Хэвлэсэн: Discovery Publishing House, 2015
Шошгууд: Шошго нэмэх
Шошго байхгүй, Энэхүү баримтыг шошголох эхний хүн болох!

MARC

LEADER 00000nam a22000007a 4500
008 210125b ||||| |||| 00| 0 eng d
020 |a  978-93-5056-291-8 
100 |a JAIN, A. K. 
245 |a Real estate management  |b business process and perspective  |c A. K. Jain  |g  500p.; ill 
260 |b  Discovery Publishing House,   |c  2015  |d Books  |h New Delhi  |i 691341  |i 691489  |l HD1394 .J19  |m Real estate management. 
500 |a “It includes bibliography and index” 
942 |a lcc  |c BK  |e Adekanye I. H.  |f 25/01/2021 
952 |0 0  |1 0  |2 lcc  |4 0  |6 HD1394 J19  |7 0  |9 1693  |a HOL  |b EDM  |c GJ  |d 2021-01-25  |l 0  |o HD1394 .J19  |p 2021-0475  |r 2021-01-25 00:00:00  |w 2021-01-25  |y BK 
952 |0 0  |1 0  |2 lcc  |4 0  |6 HD1394 J19  |7 0  |9 1694  |a HOL  |b HOL  |c GJ  |d 2021-01-25  |l 0  |o HD1394 .J19  |p 2021-0476  |r 2021-01-25 00:00:00  |w 2021-01-25  |y BK 
999 |c 900  |d 900